| 000 | 01418cam a22002054a 4500 | ||
|---|---|---|---|
| 005 | 20250605164020.0 | ||
| 008 | 250528s ||||||||||||||||||||||||d | ||
| 035 | _a16303 | ||
| 020 | _a684823039 | ||
| 040 |
_aGR-AtMCL _bgre _dGR-AtMCL _eAACR2 |
||
| 245 | 1 | _aWorld Class Manufacturing: The Next Decade / Building Power, Strength, and Value | |
| 260 |
_bThe Free Press, _c1996 |
||
| 300 | _a278 | ||
| 505 | 0 | _aPreface, Industrial Decline and Ascendancy, Building Strength Through Customer-Focused Principles, Best Manufacturers: How they Rate, Improvement Pathways, Value and Valuation, The New Mastery of Mass Production - and Its Close Cousins, Strategic Linkages, Impediments: Bad Plant Design and Mismanagement of Capacity, Remaking Human Resource Management, Quality: Picture a Miracle, A Ten-Year Plan, Scoring Against the Principles, Notes, Index. | |
| 520 | _aPreface, Industrial Decline and Ascendancy, Building Strength Through Customer-Focused Principles, Best Manufacturers: How they Rate, Improvement Pathways, Value and Valuation, The New Mastery of Mass Production - and Its Close Cousins, Strategic Linkages, Impediments: Bad Plant Design and Mismanagement of Capacity, Remaking Human Resource Management, Quality: Picture a Miracle, A Ten-Year Plan, Scoring Against the Principles, Notes, Index. | ||
| 700 | 1 |
_aSchonberger Richard J _91077 |
|
| 942 | _cBK | ||
| 999 |
_c1817 _d1817 |
||